Reggie se marcha al campo / (Record no. 129637)

MARC details
000 -LEADER
campo de control de longitud fija 00751nam a2200229 i 4500
001 - NÚMERO DE CONTROL
campo de control 129637
003 - IDENTIFICADOR DE NÚMERO DE CONTROL
campo de control ES-MaACL
005 - FECHA Y HORA DE LA ÚLTIMA TRANSACCIÓN
campo de control 20230906193536.0
007 - CAMPO FIJO DE DESCRIPCIÓN FÍSICA--INFORMACIÓN GENERAL
campo de control de longitud fija t|
008 - DATOS DE LONGITUD FIJA--INFORMACIÓN GENERAL
campo de control de longitud fija 070627s1948 sp ||||1| spa d
080 ## - NÚMERO DE LA CLASIFICACIÓN DECIMAL UNIVERSAL
Número de la Clasificación Decimal Universal 821.111-31"19"
100 1# - ENTRADA PRINCIPAL--NOMBRE DE PERSONA
Nombre de persona Thomson, A.A.
9 (RLIN) 110108
245 10 - MENCIÓN DEL TÍTULO
Título Reggie se marcha al campo /
Mención de responsabilidad, etc. por A.A. Thomson ; [traducción del inglés por Francisco Javier Mariñas].
250 ## - MENCION DE EDICION
Mención de edición [1ª ed.].
260 ## - PUBLICACIÓN, DISTRIBUCIÓN, ETC.
Lugar de publicación, distribución, etc. [s.l. ¿Barcelona? :
Nombre del editor, distribuidor, etc. Industrial Gráfica D.E.F. y O.,
Fecha de publicación, distribución, etc. 1948]
300 ## - DESCRIPCIÓN FÍSICA
Extensión 214 p. :
Otras características físicas il. ;
Dimensiones 19 cm.
490 1# - MENCIÓN DE SERIE
Mención de serie Col. Al Monigote de Papel
700 1# - ENTRADA AGREGADA--NOMBRE PERSONAL
Nombre de persona Mariñas, Francisco Javier.
9 (RLIN) 76858
830 0# - PUNTO DE ACCESO ADICIONAL DE SERIE-TÍTULO UNIFORME
Título uniforme Col. Al Monigote de Papel
9 (RLIN) 186776
852 ## - LOCALIZACIÓN
Ubicación ES-MaACL
Número de control de estantería C-5029
Sublocalización o colección R.25708
Holdings
Estatus retirado Estado de pérdida Estado de daño No para préstamo Biblioteca de origen Biblioteca actual Ubicación en estantería Fecha de adquisición Fuente de adquisición Total de préstamos Signatura topográfica completa Código de barras Visto por última vez Precio de reemplazo Tipo de ítem Koha
        Biblioteca del Ateneo de Madrid Biblioteca del Ateneo de Madrid Sala Palomar 17/01/2008     C-5029 1134991 23/02/2023 23/02/2023 Libro impreso